MARC details
| 000 -LEADER |
| fixed length control field |
02862cam a2200481 i 4500 |
| 001 - CONTROL NUMBER |
| control field |
18483029 |
| 003 - CONTROL NUMBER IDENTIFIER |
| control field |
OSt |
| 005 - DATE AND TIME OF LATEST TRANSACTION |
| control field |
20250129112542.0 |
| 008 - FIXED-LENGTH DATA ELEMENTS--GENERAL INFORMATION |
| fixed length control field |
150206s2014 nyuab 000 0aeng d |
| 010 ## - LIBRARY OF CONGRESS CONTROL NUMBER |
| LC control number |
2015301192 |
| 020 ## - INTERNATIONAL STANDARD BOOK NUMBER |
| International Standard Book Number |
9780525428282 |
| 020 ## - INTERNATIONAL STANDARD BOOK NUMBER |
| International Standard Book Number |
0525428283 |
| 035 ## - SYSTEM CONTROL NUMBER |
| System control number |
(OCoLC)ocn876882949 |
| 040 ## - CATALOGING SOURCE |
| Original cataloging agency |
YDXCP |
| Language of cataloging |
eng |
| Transcribing agency |
YDXCP |
| Description conventions |
rda |
| Modifying agency |
BTCTA |
| -- |
BDX |
| -- |
CLE |
| -- |
VTL |
| -- |
CGP |
| -- |
SINLB |
| -- |
GK8 |
| -- |
OQX |
| -- |
FOLLT |
| -- |
OBE |
| -- |
DLC |
| 042 ## - AUTHENTICATION CODE |
| Authentication code |
lccopycat |
| 043 ## - GEOGRAPHIC AREA CODE |
| Geographic area code |
f-sa--- |
| 050 00 - LIBRARY OF CONGRESS CALL NUMBER |
| Classification number |
DT1972.L34 |
| Item number |
A3 2014b |
| 082 04 - DEWEY DECIMAL CLASSIFICATION NUMBER |
| Classification number |
968.065/092 |
| -- |
B |
| Edition number |
23 |
| 100 1# - MAIN ENTRY--PERSONAL NAME |
| Personal name |
La Grange, Zelda, |
| Relator term |
author. |
| 245 10 - TITLE STATEMENT |
| Title |
Good morning, Mr Mandela / |
| Statement of responsibility, etc. |
Zelda la Grange. |
| 246 3# - VARYING FORM OF TITLE |
| Title proper/short title |
Good morning, Mister Mandela |
| 264 #1 - PRODUCTION, PUBLICATION, DISTRIBUTION, MANUFACTURE, AND COPYRIGHT NOTICE |
| Place of production, publication, distribution, manufacture |
New York, New York : |
| Name of producer, publisher, distributor, manufacturer |
Viking, |
| Date of production, publication, distribution, manufacture, or copyright notice |
[2014] |
| 300 ## - PHYSICAL DESCRIPTION |
| Extent |
xiv, 368 pages : |
| Other physical details |
illustrations, map ; |
| Dimensions |
24 cm |
| 336 ## - CONTENT TYPE |
| Content type term |
text |
| Source |
rdacontent |
| 337 ## - MEDIA TYPE |
| Media type term |
unmediated |
| Source |
rdamedia |
| 338 ## - CARRIER TYPE |
| Carrier type term |
volume |
| Source |
rdacarrier |
| 500 ## - GENERAL NOTE |
| General note |
"A memoir"--Dust jacket. |
| 505 0# - FORMATTED CONTENTS NOTE |
| Formatted contents note |
Prologue : Zeldina -- Part 1. 'If it isn't good, let it die,' 1970-1994. Childhood -- Change -- Part 2. Start of a new dawn, 1994-1999. Meeting Mr Mandela -- Working for a president -- Travelling with a president -- Running to keep up -- Part 3. Gatekeeper to the most famous man in the world, 1999-2008. Travel and conflict -- Working with world leaders -- Holidays and friends -- The biggest fundraiser of my life -- Part 4. What next? 2009-2013. Staying until the end -- Saying goodbye -- Tot weersiens Khulu! |
| 520 ## - SUMMARY, ETC. |
| Summary, etc. |
One of Mandela's three private secretaries and now working for the Nelson Mandela Foundation, "La Grange pays tribute to Nelson Mandela as she knew him: a teacher who gave her the most valuable lessons of her life. The Mr. Mandela we meet in these pages is a man who refused to be defined by his past, who forgave and respected all, but who was also frank, teasing, and direct. As he renewed his country, he also freed La Grange from a closed world of fear and mistrust, giving her life true meaning"--Amazon.com. |
| 600 10 - SUBJECT ADDED ENTRY--PERSONAL NAME |
| Personal name |
La Grange, Zelda |
| General subdivision |
Friends and associates. |
| 600 10 - SUBJECT ADDED ENTRY--PERSONAL NAME |
| Personal name |
La Grange, Zelda |
| General subdivision |
Political and social views. |
| 600 10 - SUBJECT ADDED ENTRY--PERSONAL NAME |
| Personal name |
Mandela, Nelson, |
| Dates associated with a name |
1918-2013. |
| 600 10 - SUBJECT ADDED ENTRY--PERSONAL NAME |
| Personal name |
Mandela, Nelson, |
| Dates associated with a name |
1918-2013 |
| General subdivision |
Friends and associates. |
| 650 #0 - SUBJECT ADDED ENTRY--TOPICAL TERM |
| Topical term or geographic name as entry element |
Private secretaries |
| Geographic subdivision |
South Africa |
| Form subdivision |
Biography. |
| 651 #0 - SUBJECT ADDED ENTRY--GEOGRAPHIC NAME |
| Geographic name |
South Africa |
| General subdivision |
Politics and government |
| Chronological subdivision |
1994- |
| 651 #0 - SUBJECT ADDED ENTRY--GEOGRAPHIC NAME |
| Geographic name |
South Africa |
| General subdivision |
Social conditions |
| Chronological subdivision |
1994- |
| 856 42 - ELECTRONIC LOCATION AND ACCESS |
| Materials specified |
Publisher description |
| Uniform Resource Identifier |
<a href="http://www.loc.gov/catdir/enhancements/fy1508/2015301192-d.html">http://www.loc.gov/catdir/enhancements/fy1508/2015301192-d.html</a> |
| 856 42 - ELECTRONIC LOCATION AND ACCESS |
| Materials specified |
Contributor biographical information |
| Uniform Resource Identifier |
<a href="http://www.loc.gov/catdir/enhancements/fy1508/2015301192-b.html">http://www.loc.gov/catdir/enhancements/fy1508/2015301192-b.html</a> |
| 856 41 - ELECTRONIC LOCATION AND ACCESS |
| Materials specified |
Sample text |
| Uniform Resource Identifier |
<a href="http://www.loc.gov/catdir/enhancements/fy1602/2015301192-s.html">http://www.loc.gov/catdir/enhancements/fy1602/2015301192-s.html</a> |
| 906 ## - LOCAL DATA ELEMENT F, LDF (RLIN) |
| a |
7 |
| b |
cbc |
| c |
copycat |
| d |
2 |
| e |
ncip |
| f |
20 |
| g |
y-gencatlg |
| 942 ## - ADDED ENTRY ELEMENTS (KOHA) |
| Source of classification or shelving scheme |
Dewey Decimal Classification |
| Koha item type |
Books |